| 000 | 00406nam a2200169Ia 4500 | ||
|---|---|---|---|
| 008 | 230524s9999 xx 000 0 und d | ||
| 082 |
_a330 _bPET |
||
| 100 | _aH.Craig Petersen | ||
| 245 | 0 | _aManagerial Economics (3rd edn.) | |
| 250 | _a1ST | ||
| 260 |
_aNEW DELHI _bPHI _c2001 |
||
| 300 | _aXX;664 | ||
| 500 | _aQuantity Number: 23 | ||
| 650 | _aEconomics | ||
| 700 | _a W.Cris Lewis | ||
| 942 | _cBK | ||
| 999 |
_c35637 _d35637 |
||